Statistiken für Berühmte Menschen aus Bremen

Klicken Sie hier um das Quiz zu spielen!

Allgemein

  • Dieses Quiz wurde 61 mal gespielt
  • Das Durchschnittsergebnis liegt bei 8 aus 20

Antwortstatistiken

HintAntwort% Korrekt
Fernseh- und Radiomoderator: Neo Magazin Royal, Fest und FlauschigJan Böhmermann
71%
Tennisspielerin: Gewann 2016 die Australien und US Open, 2018 Wimbledon und 2016 OlympiasilberAngelique Kerber
64%
Moderator und Schlagersänger aus Holland: Am laufenden Band, Wann wird’s mal wieder richtig Sommer?, HerzblattRudi Carrell
64%
SPD-Politiker,erster Präsident der Weimarer RepublikFriedrich Ebert
49%
Moderatorin: Ninja Warrior, 100% Bundesliga, Grill den Henssler, Sportberichterstattung bei Sky (11-13) und Sport1 (13-17), Vater Jörg ebenfalls SportmoderatorLaura Wontorra
49%
Fußballspieler: Bremen (1978–1995); Trainer: Bremen (1999–2013), Frankfurt (2014-2015), Hannover (2016)Thomas Schaaf
47%
Moderator der "Wunderbaren Welt des Fußballs", Stadionsprecher von Werder BremenArndt Zeigler
44%
Finanz-Unternehmer (AWD), Juror bei Die Höhle der Löwen, verheiratet mir Veronika FerresCarsten Maschmeyer
42%
CDU-Politiker, Bundestagspräsident 1976 bis 1979, Bundespräsident 1979 bis 1984Karl Carstens
40%
Schauspielerin: Nina Rubin im Berliner Tatort, Herta in Kleine Haie, Helens Mutter in Feuchtgebiete, Bruder Ben ist ebenfalls bekannter SchauspielerMeret Becker
40%
Youtuberin: Harry Potter und ein Stein, Japanoschlampen, Fresh DColdmirror
38%
Fußballspieler (offensives Mittelfeld): Leverkusen (2014-2019), BVB (seit 2019), Nationalspieler, Olympiazweiter 2016Julian Brandt
38%
Easy-Listening-Bandleader (Happy Sound), 208 Goldene SchallplattenJames Last
36%
Grünen-Politiker, Umweltminister 98-05, Fraktionsvorsitzender 09-13, Spitzenkandidat 13Jürgen Trittin
36%
Deutsch-Marokkanischer Fußball-Flügelstürmer: seit 2011 bei Leverkusen, Nationalspieler 2014 - 2016Karim Bellarabi
33%
Sängerin und Schauspielerin: Lili Marleen, Ein Schiff wird kommen, Einmal sehen wir uns wiederLale Andersen
27%
Fußball-Linksverteidiger/Außen: Bremen 89-02, Nationalspieler, Aufsichtsratsvorsitzender von WerderMarco Bode
25%
Schriftsteller: Herr Lehmann, Neue Vahr Süd, Der kleine Bruder, Magical Mystery; Sänger und Gitarrist von Element of CrimeSven Regener
15%
Schauspieler: Speer in Der Untergang, Richard Brock in Spuren des Bösen, Robert in Vincent will Meer, Louis Adlon in Das Adlon, Georg Sullivan in Hanni und NanniHeino Ferch
9%
Gründer der Kolonie Deutsch-Südwestafrika (heute Namibia)Adolf Lüderitz
5%

Verteilung der Resultate

Perzentil nach korrekt beantworteten Fragen

Anzahl Personen mit jedem Resultat

Ihre Resultats-Entwicklung

Sie haben dieses Quiz noch nicht gespielt